00461nam a2200109Ia 4500008004100000050002400041100002500065245014300090260008600233300002000319521001200339140724s9999 xx 000 0 und d aRJ 506b.Ab136 2009 aAbdul Salam, Ayni N. aEffectiveness of therapeutic communication in alleviating anxiety among adult patients in a medical surgical world /cAbdul Salam, Ayni N. aLas Piñas, Philippines :bSouthville International School and Colleges,cc2009. a44 p. :c28 cm. aNursing